Svalbard territory quiz - Statistics

General Stats
  • This quiz has been taken 31 times
    28 since last reset
  • The average score is 5 of 10
Answer Stats
Hint Answer % Correct
Svalbard is a territory of? Norway
100%
The capital of Svalbard is? Longyearbyen
82%
The language spoken in Svalbard is? Norwegian
82%
What does Svalbard mostly mine? Coal
59%
The second biggest town in Svalbard which has russian and ukrainian ethnic people? Barentsburg
45%
To the southwest direction of the main island of Svaalbsrd it has a 55km island.What is the island's name. Jan mayen
41%
A town sold to the USSR by Sweden in 1927? Pyramiden
32%
The first settlements in Svalbard was by what present day country? Netherlands
27%
The currency used in Svalbard is? Norwegian krone
27%
Besides cars the most common mode of transport in Svalbard outside the settlements is? Snowmobiles
23%
No matching quizzes found
Score Distribution
Percent of People with Each Score
Percentile by Number Answered
Your Score History
You have not taken this quiz since the last reset